000 00577cam a22002171 4500
001 ca 36001400
003 DLC
005 20260227111143.0
008 891107s1930 ilu 000 0 eng
010 _aca 36001400
035 _a(OCoLC)20606782
040 _aDLC
_cRPB
_dDLC
042 _apremarc
050 0 0 _aPN4305.M6
_bW45
082 _a815.5
100 1 _aWhite, Bob.
245 1 0 _aDream Daddy Dalton,
_ba monologue,
_cby Bob White.
260 _aChicago,
_bT.S. Denison & Company
_c[c1930]
300 _a13 p.
_c18 cm.
490 0 _aDenison's monologues and readings
999 _c18272
_d18272